[Event "44th Chess Olympiad Open 2022"]
[Site "Chennai"]
[Date "2022.07.29"]
[Round "1.46"]
[White "Kwong, Wing Ki"]
[Black "Kurniawan, Muhamad Agus"]
[Result "0-1"]
[WhiteElo "1824"]
[BlackElo "2328"]
[Annotator "TA"]
[PlyCount "122"]
[EventDate "2022.07.29"]
[EventType "team-tourn"]
[EventCountry "IND"]
[SourceTitle "playchess.com"]
[Source "ChessBase"]
[SourceQuality "1"]
[WhiteTeam "Hong Kong"]
[BlackTeam "Indonesia"]
[WhiteTeamCountry "HKG"]
[BlackTeamCountry "INA"]

1. d4 Nf6 2. c4 g6 3. Nc3 Bg7 4. e4 d6 5. Nf3 O-O 6. Be2 Na6 7. Bg5 h6 8. Bh4
g5 9. Bg3 Nh5 10. O-O e6 11. c5 Nxg3 12. hxg3 dxc5 13. d5 exd5 14. exd5 Nb4 15.
a3 Bxc3 16. axb4 Bxb4 17. Ne5 Qf6 18. f4 gxf4 19. gxf4 c4 20. g4 c3 21. Rf3
cxb2 22. Rb1 Bd6 23. Qd4 Bxe5 24. fxe5 Qb6 25. Qxb6 axb6 26. Rxb2 Ra4 27. Rc2
Re4 28. e6 fxe6 29. Rxf8+ Kxf8 30. Rxc7 Rxe2 31. Rxc8+ Ke7 32. Rc7+ Kd6 33.
Rxb7 Kxd5 34. Rxb6 Re4 35. Kf2 Rxg4 36. Rb5+ Ke4 37. Rb4+ Kf5 38. Rb5+ e5 39.
Kf3 Rf4+ 40. Ke3 h5 41. Rb8 Kg4 42. Rg8+ Kh4 43. Re8 Rf5 44. Ke4 Kg4 45. Ra8 h4
46. Ra1 Rf3 47. Rg1+ Rg3 48. Rf1 Rg2 49. Rf8 Re2+ 50. Kd3 Ra2 51. Ke3 Kg3 52.
Rg8+ Kh2 53. Kf3 h3 54. Rg7 Ra3+ 55. Ke4 Rg3 56. Ra7 Rg5 57. Ra3 Kg2 58. Ra2+
Kg3 59. Ra3+ Kg4 60. Ra2 Rh5 61. Kd5 h2 0-1

[Event "44th Chess Olympiad Open 2022"]
[Site "Chennai"]
[Date "2022.07.29"]
[Round "1.47"]
[White "Cubas, Jose Fernando"]
[Black "Altell, Majed"]
[Result "1-0"]
[WhiteElo "2451"]
[BlackElo "1807"]
[Annotator "TA"]
[PlyCount "55"]
[EventDate "2022.07.29"]
[EventType "team-tourn"]
[EventCountry "IND"]
[SourceTitle "playchess.com"]
[Source "ChessBase"]
[SourceQuality "1"]
[WhiteTeam "Paraguay"]
[BlackTeam "Palestine"]
[WhiteTeamCountry "PAR"]
[BlackTeamCountry "PLE"]

1. e4 c6 2. Nc3 d5 3. Nf3 dxe4 4. Nxe4 Nf6 5. Qe2 Nxe4 6. Qxe4 Nd7 7. Bc4 Nf6
8. Ne5 e6 9. Qe2 Bd6 10. d4 Qc7 11. O-O b6 12. Re1 Bb7 13. Bg5 Rf8 14. a4 O-O-O
15. a5 bxa5 16. Bd2 Bb4 17. Bxb4 axb4 18. Rxa7 Kb8 19. Rea1 Qb6 20. R7a6 Qc7
21. Qe1 Rxd4 22. Nxc6+ Bxc6 23. Qxb4+ Kc8 24. Qxf8+ Rd8 25. Ra8+ Bxa8 26. Rxa8+
Kb7 27. Qxd8 Qf4 28. Qc8+ 1-0

[Event "44th Chess Olympiad Open 2022"]
[Site "Chennai"]
[Date "2022.07.29"]
[Round "1.47"]
[White "Shawabke Ziyad"]
[Black "Bachmann, Axel"]
[Result "0-1"]
[WhiteElo "1786"]
[BlackElo "2588"]
[Annotator "TA"]
[PlyCount "62"]
[EventDate "2022.07.29"]
[EventType "team-tourn"]
[EventCountry "IND"]
[SourceTitle "playchess.com"]
[Source "ChessBase"]
[SourceQuality "1"]
[WhiteTeam "Palestine"]
[BlackTeam "Paraguay"]
[WhiteTeamCountry "PLE"]
[BlackTeamCountry "PAR"]

1. Nf3 Nf6 2. c4 e6 3. e3 b6 4. b3 Bb7 5. Bb2 d5 6. Nc3 a6 7. cxd5 exd5 8. d4
Bd6 9. Bd3 Nbd7 10. O-O O-O 11. Ne2 Qe7 12. Ng3 g6 13. Qc2 Ne4 14. Bxe4 dxe4
15. Nd2 f5 16. Nc4 Bd5 17. Nxd6 Qxd6 18. Rac1 c6 19. Ne2 Nf6 20. Nc3 Rac8 21.
Qe2 b5 22. Nxd5 Nxd5 23. a3 Qe6 24. Rfe1 Rce8 25. g3 Rf6 26. Rc5 Qf7 27. Rec1
Ree6 28. Qc2 g5 29. Rxc6 Rxc6 30. Qxc6 Rxc6 31. Rxc6 Qh5 0-1

[Event "44th Chess Olympiad Open 2022"]
[Site "Chennai"]
[Date "2022.07.29"]
[Round "1.48"]
[White "Macovei, Andrei"]
[Black "Prudente, Elmer"]
[Result "1-0"]
[WhiteElo "2478"]
[BlackElo "1995"]
[Annotator "TA"]
[PlyCount "51"]
[EventDate "2022.07.29"]
[EventType "team-tourn"]
[EventCountry "IND"]
[SourceTitle "playchess.com"]
[Source "ChessBase"]
[SourceQuality "1"]
[WhiteTeam "Moldova"]
[BlackTeam "GUM"]
[WhiteTeamCountry "MDA"]

1. e4 c5 2. Nf3 g6 3. d4 cxd4 4. Nxd4 Nc6 5. c4 Nf6 6. Nc3 Nxd4 7. Qxd4 Bg7 8.
e5 Ng8 9. Bf4 Nh6 10. O-O-O O-O 11. Be2 f6 12. Bf3 Nf7 13. exf6 Bxf6 14. Qd2
Qa5 15. Nd5 Qxa2 16. Nxf6+ exf6 17. Bd6 Re8 18. Bd5 Kg7 19. Bxf7 Kxf7 20. Rhe1
Qxc4+ 21. Kb1 g5 22. h4 b6 23. Rxe8 Kxe8 24. Qe3+ Kf7 25. Qe7+ Kg6 26. h5+ 1-0

[Event "44th Chess Olympiad Open 2022"]
[Site "Chennai"]
[Date "2022.07.29"]
[Round "1.48"]
[White "Baltag, Iulian"]
[Black "Estur, Gavino Aguilar"]
[Result "1-0"]
[WhiteElo "2405"]
[BlackElo "1598"]
[Annotator "TA"]
[PlyCount "119"]
[EventDate "2022.07.29"]
[EventType "team-tourn"]
[EventCountry "IND"]
[SourceTitle "playchess.com"]
[Source "ChessBase"]
[SourceQuality "1"]
[WhiteTeam "Moldova"]
[BlackTeam "GUM"]
[WhiteTeamCountry "MDA"]

1. Nf3 Nf6 2. c4 c6 3. d4 d5 4. Nc3 e6 5. e3 Be7 6. Qc2 Nbd7 7. g4 dxc4 8. Bxc4
Nd5 9. Bd2 h5 10. Rg1 Bf8 11. g5 g6 12. Ne4 Be7 13. Be2 Qc7 14. O-O-O Bd6 15.
Nxd6+ Qxd6 16. Kb1 b6 17. Ne5 Nxe5 18. dxe5 Qc7 19. e4 Ne7 20. Bb4 c5 21. Rd6
Bd7 22. f3 O-O-O 23. Bc3 Kb8 24. Rgd1 Bc6 25. Qd2 Rde8 26. Qf4 Rhf8 27. b4 Nc8
28. R6d2 Ba4 29. Rc1 Ka8 30. Bb2 Rd8 31. bxc5 b5 32. c6 Rxd2 33. Qxd2 Rd8 34.
Qe3 Qb6 35. Qf4 b4 36. Qxf7 Bxc6 37. Ka1 Be8 38. Qf8 Kb8 39. Bc4 Ba4 40. Qf4
Rd1 41. Be2 Rxc1+ 42. Qxc1 Qc7 43. Qd2 a5 44. a3 b3 45. Bc3 Qc5 46. Kb2 Kb7 47.
Bd4 Qc2+ 48. Qxc2 bxc2 49. Bc4 Bd7 50. Kxc2 Nb6 51. Bxb6 Kxb6 52. Kc3 Kc5 53.
h4 a4 54. f4 Bc8 55. Ba2 Bd7 56. f5 exf5 57. Bf7 f4 58. Kd2 Kd4 59. e6 Bb5 60.
e7 1-0

[Event "44th Chess Olympiad Open 2022"]
[Site "Chennai"]
[Date "2022.07.29"]
[Round "1.48"]
[White "Mafnas, Peter"]
[Black "Ceres, Dragos"]
[Result "0-1"]
[WhiteElo "2039"]
[BlackElo "2378"]
[Annotator "TA"]
[PlyCount "58"]
[EventDate "2022.07.29"]
[EventType "team-tourn"]
[EventCountry "IND"]
[SourceTitle "playchess.com"]
[Source "ChessBase"]
[SourceQuality "1"]
[WhiteTeam "GUM"]
[BlackTeam "Moldova"]
[BlackTeamCountry "MDA"]

1. d4 Nf6 2. c4 e6 3. Nc3 Bb4 4. Bg5 h6 5. Bh4 b6 6. e3 Bb7 7. Nf3 g5 8. Bg3
Ne4 9. Qc2 Bxc3+ 10. bxc3 d6 11. Bd3 f5 12. Qb3 Qf6 13. Rc1 O-O 14. c5 Bd5 15.
Bc4 Bxc4 16. Qxc4 bxc5 17. dxc5 Nxc5 18. O-O Nbd7 19. h3 Rab8 20. Rb1 Rb6 21.
Rxb6 Nxb6 22. Qd4 Ne4 23. Rc1 e5 24. Qb4 c5 25. Qa5 Nxg3 26. fxg3 Nc4 27. Qxa7
e4 28. Nh2 Nxe3 29. a4 Qe5 0-1

[Event "44th Chess Olympiad Open 2022"]
[Site "Chennai"]
[Date "2022.07.29"]
[Round "1.48"]
[White "Soriano, Rudolph P."]
[Black "Hamitevici, Vladimir"]
[Result "0-1"]
[WhiteElo "1824"]
[BlackElo "2473"]
[Annotator "TA"]
[PlyCount "90"]
[EventDate "2022.07.29"]
[EventType "team-tourn"]
[EventCountry "IND"]
[SourceTitle "playchess.com"]
[Source "ChessBase"]
[SourceQuality "1"]
[WhiteTeam "GUM"]
[BlackTeam "Moldova"]
[BlackTeamCountry "MDA"]

1. Nf3 Nf6 2. c4 e6 3. g3 b6 4. Bg2 Bb7 5. O-O Be7 6. d3 O-O 7. e4 c5 8. Nc3 d6
9. Nh4 Nfd7 10. Nf3 Ne5 11. Bf4 Nbc6 12. a3 Bf6 13. Rc1 Qe7 14. Qe2 a6 15. Rfd1
Nxf3+ 16. Qxf3 Nd4 17. Qg4 b5 18. Re1 b4 19. axb4 cxb4 20. Nd1 e5 21. Bd2 Bc8
22. Qh5 Nb3 23. Rc2 g6 24. Qh6 a5 25. h4 Bg7 26. Qg5 f6 27. Qe3 Bb7 28. f3 f5
29. Qf2 Nc5 30. Qe2 f4 31. g4 Qxh4 32. Rf1 Qd8 33. Be1 Bf6 34. Nf2 Nb3 35. Qd1
Nd4 36. Rc1 Bh4 37. Nh3 Bc8 38. Bf2 Bxf2+ 39. Rxf2 Qh4 40. c5 h5 41. cxd6 hxg4
42. Rc7 gxh3 43. Bh1 Qg3+ 44. Kf1 h2 45. Rg2 Bh3 0-1

[Event "44th Chess Olympiad Open 2022"]
[Site "Chennai"]
[Date "2022.07.29"]
[Round "1.49"]
[White "Roselli Mailhe, Bernardo"]
[Black "Rafael Chirinza"]
[Result "1/2-1/2"]
[WhiteElo "2413"]
[BlackElo "1725"]
[Annotator "TA"]
[PlyCount "146"]
[EventDate "2022.07.29"]
[EventType "team-tourn"]
[EventCountry "IND"]
[SourceTitle "playchess.com"]
[Source "ChessBase"]
[SourceQuality "1"]
[WhiteTeam "Uruguay"]
[BlackTeam "Mozambique"]
[WhiteTeamCountry "URU"]
[BlackTeamCountry "MOZ"]

1. d4 d5 2. c4 c6 3. Nf3 Nf6 4. e3 Bf5 5. Nc3 e6 6. Nh4 Bg6 7. Nxg6 hxg6 8. Bd2
Nbd7 9. Qb3 Qb6 10. Be2 Be7 11. O-O-O Qxb3 12. axb3 O-O-O 13. Kb1 Rde8 14. Rc1
Bb4 15. h3 Kb8 16. Rhd1 a5 17. Bf3 Rh4 18. Na2 Bxd2 19. Rxd2 g5 20. Nc3 Nb6 21.
Ne2 Nbd7 22. Ng3 g6 23. Re1 Kc7 24. Kc2 Nb6 25. Kc3 e5 26. Ra1 exd4+ 27. exd4
Ra8 28. Re2 Kd8 29. c5 Nc8 30. Re5 g4 31. hxg4 b6 32. cxb6 Nxb6 33. Rae1 Nc8
34. g5 Nd7 35. Re8+ Kc7 36. Nf1 Ra7 37. g3 Rh7 38. Bg4 Rh1 39. Nd2 Rxe1 40.
Rxe1 Nd6 41. Be2 Rb7 42. Ra1 Kb6 43. Bd3 Nf8 44. b4 axb4+ 45. Kxb4 Ne6 46. Nf3
c5+ 47. dxc5+ Nxc5 48. Kc3 Nde4+ 49. Bxe4 Nxe4+ 50. Kd4 Nxf2 51. Kxd5 Rd7+ 52.
Ke5 Ng4+ 53. Kf4 Nf2 54. Rf1 Nd3+ 55. Ke3 Nxb2 56. Ne5 Re7 57. Kd4 Na4 58. Rf6+
Kc7 59. Ra6 Nb6 60. Ra7+ Kd6 61. Ra6 Kc7 62. Ra7+ Kd6 63. Nxf7+ Ke6 64. Nd8+
Kd6 65. Nb7+ Ke6 66. Nc5+ Kf7 67. Ra6 Nd7 68. Nd3 Nf8 69. Ne5+ Kg7 70. Rd6 Ne6+
71. Kd5 Nc7+ 72. Ke4 Ne6 73. Kd5 Nc7+ 1/2-1/2

[Event "44th Chess Olympiad Open 2022"]
[Site "Chennai"]
[Date "2022.07.29"]
[Round "1.49"]
[White "Vasco Mateus Felizardo Viageir"]
[Black "Meier, Georg"]
[Result "0-1"]
[WhiteElo "1852"]
[BlackElo "2613"]
[Annotator "TA"]
[PlyCount "86"]
[EventDate "2022.07.29"]
[EventType "team-tourn"]
[EventCountry "IND"]
[SourceTitle "playchess.com"]
[Source "ChessBase"]
[SourceQuality "1"]
[WhiteTeam "Mozambique"]
[BlackTeam "Uruguay"]
[WhiteTeamCountry "MOZ"]
[BlackTeamCountry "URU"]

1. e4 c5 2. Nf3 a6 3. d4 cxd4 4. Nxd4 Nf6 5. Nc3 e5 6. Nb3 Bb4 7. Qf3 d6 8. Bd2
O-O 9. h3 Be6 10. a3 Bxc3 11. Bxc3 Nc6 12. Bd3 Qb6 13. Nd2 d5 14. b4 a5 15. b5
Nd4 16. Bxd4 Qxd4 17. O-O Rac8 18. Rfe1 b6 19. Qg3 dxe4 20. Nxe4 Nxe4 21. Bxe4
Rc3 22. Qh4 h6 23. Rad1 Qc5 24. Rd8 Qxa3 25. Red1 Rc8 26. R1d6 Rcxd8 27. Rxd8
Qc5 28. Bd3 f5 29. Rxf8+ Kxf8 30. Qd8+ Kf7 31. Qa8 e4 32. Bf1 Bd5 33. Qd8 a4
34. Qd7+ Kf6 35. c4 Be6 36. Qd8+ Kf7 37. Qb8 a3 38. Be2 Ke7 39. Qa7+ Kf6 40.
Qa4 e3 41. fxe3 Qxe3+ 42. Kf1 Kg6 43. Qa8 Kh7 0-1

[Event "44th Chess Olympiad Open 2022"]
[Site "Chennai"]
[Date "2022.07.29"]
[Round "1.49"]
[White "Jamal, Hamid Harmon Gulamo"]
[Black "Diaz Hollemaert, Nahuel"]
[Result "1/2-1/2"]
[WhiteElo "1617"]
[BlackElo "2425"]
[Annotator "TA"]
[PlyCount "86"]
[EventDate "2022.07.29"]
[EventType "team-tourn"]
[EventCountry "IND"]
[SourceTitle "playchess.com"]
[Source "ChessBase"]
[SourceQuality "1"]
[WhiteTeam "Mozambique"]
[BlackTeam "Uruguay"]
[WhiteTeamCountry "MOZ"]
[BlackTeamCountry "URU"]

1. e4 d6 2. d4 g6 3. Nc3 Bg7 4. Be3 a6 5. Qd2 b5 6. O-O-O Nd7 7. f3 Nb6 8. d5
b4 9. Nb1 a5 10. Bxb6 cxb6 11. Bb5+ Bd7 12. Qd3 Nf6 13. Ne2 O-O 14. Nd4 e6 15.
Bxd7 Qxd7 16. dxe6 fxe6 17. Qb5 Qxb5 18. Nxb5 d5 19. Nc7 Bh6+ 20. Nd2 Rac8 21.
Nxe6 Rfe8 22. Nd4 Rc4 23. N4b3 Rec8 24. Kb1 Rxc2 25. Rc1 Rxc1+ 26. Rxc1 Re8 27.
Rd1 dxe4 28. Nxe4 Nxe4 29. fxe4 Rxe4 30. Nd4 a4 31. Kc2 Bg7 32. Nf3 Rc4+ 33.
Kd3 Rc5 34. Rd2 Kf7 35. Rc2 Ke6 36. b3 axb3 37. axb3 Bc3 38. Ra2 Rd5+ 39. Ke4
Ra5 40. Rxa5 bxa5 41. Ng5+ Kd6 42. Nxh7 Kc5 43. Kd3 Kd5 1/2-1/2

[Event "44th Chess Olympiad Open 2022"]
[Site "Chennai"]
[Date "2022.07.29"]
[Round "1.50"]
[White "Dardha, Daniel"]
[Black "Al-Hajiri, Bader"]
[Result "1-0"]
[WhiteElo "2575"]
[BlackElo "2011"]
[Annotator "TA"]
[PlyCount "81"]
[EventDate "2022.07.29"]
[EventType "team-tourn"]
[EventCountry "IND"]
[SourceTitle "playchess.com"]
[Source "ChessBase"]
[SourceQuality "1"]
[WhiteTeam "Belgium"]
[BlackTeam "Kuwait"]
[WhiteTeamCountry "BEL"]
[BlackTeamCountry "KUW"]

1. c4 Nf6 2. Nc3 e6 3. d4 d5 4. cxd5 exd5 5. Bf4 Bd6 6. Bg3 Qe7 7. e3 O-O 8.
Bd3 c6 9. Nge2 Nbd7 10. Qc2 Re8 11. O-O-O b5 12. Kb1 Nb6 13. Bxd6 Qxd6 14. Ng3
Rb8 15. Ka1 a5 16. e4 dxe4 17. Ncxe4 Qxd4 18. Nd6 Qe5 19. f4 Qe7 20. Nxe8 Qxe8
21. Rhe1 Qf8 22. Qxc6 Bd7 23. Qc7 Nbd5 24. Qe5 Bc6 25. Ne4 Nd7 26. Qg5 h6 27.
Qg3 Qb4 28. Bb1 N5b6 29. Re2 Re8 30. Rde1 Na4 31. a3 Qd4 32. Rd2 Qb6 33. Nd6
Rxe1 34. Qxe1 Ndc5 35. Ba2 b4 36. Qe7 b3 37. Qxf7+ Kh8 38. Qf8+ Kh7 39. Bb1+
Ne4 40. Nxe4 Bxe4 41. Bxe4+ 1-0

[Event "44th Chess Olympiad Open 2022"]
[Site "Chennai"]
[Date "2022.07.29"]
[Round "1.50"]
[White "Alhejab, Meshal"]
[Black "Lenaerts, Lennert"]
[Result "0-1"]
[WhiteElo "1732"]
[BlackElo "2379"]
[Annotator "TA"]
[PlyCount "65"]
[EventDate "2022.07.29"]
[EventType "team-tourn"]
[EventCountry "IND"]
[SourceTitle "playchess.com"]
[Source "ChessBase"]
[SourceQuality "1"]
[WhiteTeam "Kuwait"]
[BlackTeam "Belgium"]
[WhiteTeamCountry "KUW"]
[BlackTeamCountry "BEL"]

1. e4 c5 2. Nf3 e6 3. c3 Nf6 4. e5 Nd5 5. d4 cxd4 6. cxd4 d6 7. Bb5+ Bd7 8.
Bxd7+ Nxd7 9. O-O dxe5 10. dxe5 Be7 11. b3 O-O 12. Bb2 Qa5 13. Nbd2 Rfd8 14.
Nc4 Qa6 15. a4 N7b6 16. Nfd2 Nxc4 17. bxc4 Nb6 18. Qc2 Rac8 19. Ba3 Nxc4 20.
Rfc1 Bg5 21. Bb4 Rc6 22. Ne4 Bxc1 23. Qxc1 Nd2 24. Qd1 Rd4 25. Bxd2 Rxe4 26.
Be3 Rc8 27. Qf3 Rxa4 28. Rd1 Ra1 29. h3 Qa4 30. Rxa1 Qxa1+ 31. Kh2 Qxe5+ 32.
Bf4 Qd5 33. Qg3 0-1

[Event "44th Chess Olympiad Open 2022"]
[Site "Chennai"]
[Date "2022.07.29"]
[Round "1.51"]
[White "Sanchez, Sebastian Felipe"]
[Black "Naipal, Hoolan"]
[Result "1-0"]
[WhiteElo "2440"]
[BlackElo "1785"]
[Annotator "TA"]
[PlyCount "61"]
[EventDate "2022.07.29"]
[EventType "team-tourn"]
[EventCountry "IND"]
[SourceTitle "playchess.com"]
[Source "ChessBase"]
[SourceQuality "1"]
[WhiteTeam "Colombia"]
[BlackTeam "Mauritius"]
[WhiteTeamCountry "COL"]
[BlackTeamCountry "MRI"]

1. d4 Nf6 2. c4 e6 3. g3 d5 4. Nf3 Be7 5. Bg2 O-O 6. O-O Nbd7 7. Qc2 c6 8. Nbd2
b6 9. e4 dxe4 10. Nxe4 Bb7 11. Rd1 Qc8 12. Nc3 Rd8 13. Bf4 a6 14. Re1 Bf8 15.
Rad1 h6 16. h4 b5 17. c5 Nd5 18. Nxd5 cxd5 19. g4 Re8 20. g5 h5 21. g6 f6 22.
Bh3 Qc6 23. Re2 Bxc5 24. dxc5 e5 25. Bg3 d4 26. Bg2 Qxc5 27. Qf5 Nf8 28. Nxd4
Be4 29. Bf3 Bxf3 30. Qxf3 Qd5 31. Re4 1-0

[Event "44th Chess Olympiad Open 2022"]
[Site "Chennai"]
[Date "2022.07.29"]
[Round "1.51"]
[White "Chinasamy, Devarajen"]
[Black "Avila Pavas, Santiago"]
[Result "0-1"]
[WhiteElo "1970"]
[BlackElo "2453"]
[Annotator "TA"]
[PlyCount "88"]
[EventDate "2022.07.29"]
[EventType "team-tourn"]
[EventCountry "IND"]
[SourceTitle "playchess.com"]
[Source "ChessBase"]
[SourceQuality "1"]
[WhiteTeam "Mauritius"]
[BlackTeam "Colombia"]
[WhiteTeamCountry "MRI"]
[BlackTeamCountry "COL"]

1. d4 Nf6 2. Nc3 d5 3. Bf4 a6 4. e3 e6 5. Nf3 b5 6. a3 c5 7. dxc5 Bxc5 8. Bd3
Bb7 9. Ne5 Bd6 10. Bg3 Qc7 11. f4 Ne4 12. O-O Nxg3 13. hxg3 Bxe5 14. fxe5 Qxe5
15. Qf3 O-O 16. Qf4 Nd7 17. Rae1 Rac8 18. e4 Qxf4 19. gxf4 dxe4 20. Bxe4 Bxe4
21. Rxe4 Nb6 22. Re2 Nc4 23. Nd1 Rfd8 24. c3 Rd3 25. Nf2 Rd5 26. Rd1 Rcd8 27.
Rxd5 Rxd5 28. Ne4 Rd1+ 29. Kf2 Rb1 30. Nc5 Rxb2 31. Nxa6 Rb3 32. Nc7 h6 33. Re4
Nxa3 34. Rb4 Rxc3 35. Nxb5 Nxb5 36. Rxb5 g6 37. Ra5 Kg7 38. g3 Kf6 39. Rb5 g5
40. fxg5+ hxg5 41. Ra5 Kg6 42. Rb5 f5 43. Rb6 Kf6 44. Ra6 f4 0-1

[Event "44th Chess Olympiad Open 2022"]
[Site "Chennai"]
[Date "2022.07.29"]
[Round "1.51"]
[White "Goorsahye, Antoine"]
[Black "Valderrama Quiceno, Esteban Alb"]
[Result "0-1"]
[WhiteElo "1783"]
[BlackElo "2436"]
[Annotator "TA"]
[PlyCount "68"]
[EventDate "2022.07.29"]
[EventType "team-tourn"]
[EventCountry "IND"]
[SourceTitle "playchess.com"]
[Source "ChessBase"]
[SourceQuality "1"]
[WhiteTeam "Mauritius"]
[BlackTeam "Colombia"]
[WhiteTeamCountry "MRI"]
[BlackTeamCountry "COL"]

1. Nf3 Nf6 2. c4 c5 3. Nc3 d5 4. cxd5 Nxd5 5. g3 Nc6 6. Bg2 Nc7 7. O-O e5 8. d3
Be7 9. b3 O-O 10. Bb2 Rb8 11. Rc1 b6 12. Ne4 f6 13. Ned2 Bb7 14. Nc4 Qd7 15.
Qd2 Rfe8 16. h4 Bf8 17. Rfd1 Ne6 18. Bh3 Qf7 19. Bg2 Rbd8 20. Qe3 Ned4 21. Nfd2
Nb4 22. Ne4 Nxa2 23. Ra1 Nc2 24. Qd2 Nxa1 25. Rxa1 Bxe4 26. Bxe4 Nb4 27. f4
exf4 28. Qxf4 Nc2 29. Rf1 Nd4 30. Rf2 b5 31. Ne3 Qxb3 32. Bxd4 Rxd4 33. Qf5
Rdxe4 34. dxe4 Qxe3 0-1

[Event "44th Chess Olympiad Open 2022"]
[Site "Chennai"]
[Date "2022.07.29"]
[Round "1.52"]
[White "Laylo, Darwin"]
[Black "Salim Issa, Ali Shamas"]
[Result "1-0"]
[WhiteElo "2432"]
[BlackElo "1851"]
[Annotator "TA"]
[PlyCount "71"]
[EventDate "2022.07.29"]
[EventType "team-tourn"]
[EventCountry "IND"]
[SourceTitle "playchess.com"]
[Source "ChessBase"]
[SourceQuality "1"]
[WhiteTeam "Philippines"]
[BlackTeam "OMA"]
[WhiteTeamCountry "PHI"]

1. c4 Nf6 2. d4 e6 3. Nf3 d5 4. Nc3 c6 5. Bg5 Be7 6. Qc2 Nbd7 7. e3 b6 8. cxd5
exd5 9. Bd3 Bb7 10. O-O O-O 11. Ne5 h6 12. Bh4 Nxe5 13. dxe5 Nd7 14. Bg3 Bh4
15. Bxh4 Qxh4 16. f4 Qe7 17. e4 d4 18. Ne2 c5 19. Ng3 g6 20. Qe2 Kh7 21. a4 a6
22. b3 Ra7 23. Rae1 Nb8 24. f5 Nc6 25. e6 Ne5 26. exf7 g5 27. Bc4 Nxc4 28. bxc4
Rxf7 29. e5 Qe8 30. f6 Rf8 31. e6 Qc6 32. e7 Re8 33. Rf2 Bc8 34. Qd3+ Kh8 35.
f7 Raxe7 36. Rxe7 1-0

[Event "44th Chess Olympiad Open 2022"]
[Site "Chennai"]
[Date "2022.07.29"]
[Round "1.52"]
[White "Salim Mohammed, Salim Al Amri"]
[Black "Gomez, John Paul"]
[Result "0-1"]
[WhiteElo "1917"]
[BlackElo "2451"]
[Annotator "TA"]
[PlyCount "80"]
[EventDate "2022.07.29"]
[EventType "team-tourn"]
[EventCountry "IND"]
[SourceTitle "playchess.com"]
[Source "ChessBase"]
[SourceQuality "1"]
[WhiteTeam "OMA"]
[BlackTeam "Philippines"]
[BlackTeamCountry "PHI"]

1. c4 e5 2. Nc3 Bb4 3. Nd5 Bc5 4. b4 Bd6 5. a3 c6 6. Ne3 Nf6 7. Bb2 O-O 8. d4
e4 9. d5 Bf4 10. d6 Bxe3 11. fxe3 c5 12. b5 Ng4 13. Nh3 a6 14. a4 Nxe3 15. Qc1
Nf5 16. Qf4 e3 17. Bc3 Nd4 18. Kd1 axb5 19. cxb5 Nxb5 20. axb5 Rxa1+ 21. Bxa1
Qa5 22. Qxe3 Qxa1+ 23. Qc1 Qd4+ 24. Qd2 Qa1+ 25. Qc1 Qa4+ 26. Qc2 Qxb5 27. Ng5
g6 28. Ne4 Qc6 29. g4 Qd5+ 30. Ke1 Qe5 31. g5 b6 32. Bg2 Kh8 33. Nf6 Qxd6 34.
Rf1 Nc6 35. e3 Qe5 36. Ng4 Qxg5 37. Qc3+ f6 38. Nxf6 Qe5 39. Qxe5 Nxe5 40. Bd5
Ba6 0-1

[Event "44th Chess Olympiad Open 2022"]
[Site "Chennai"]
[Date "2022.07.29"]
[Round "1.52"]
[White "Al Busaidi, Hamood"]
[Black "Bersamina, Paulo"]
[Result "0-1"]
[WhiteElo "1743"]
[BlackElo "2429"]
[Annotator "TA"]
[PlyCount "74"]
[EventDate "2022.07.29"]
[EventType "team-tourn"]
[EventCountry "IND"]
[SourceTitle "playchess.com"]
[Source "ChessBase"]
[SourceQuality "1"]
[WhiteTeam "OMA"]
[BlackTeam "Philippines"]
[BlackTeamCountry "PHI"]

1. e4 c5 2. Nf3 d6 3. d4 cxd4 4. Nxd4 Nf6 5. Nc3 Nc6 6. Be2 e5 7. Nf3 h6 8. O-O
Be6 9. h3 d5 10. exd5 Nxd5 11. Nxd5 Qxd5 12. Qxd5 Bxd5 13. Be3 O-O-O 14. a3 f5
15. Rad1 f4 16. Bc1 Be7 17. b4 Bf6 18. Bb2 Rhe8 19. Nd2 e4 20. Bg4+ Kc7 21.
Bxf6 gxf6 22. c4 Bg8 23. Rfe1 Re5 24. Be2 Nd4 25. Rc1 f5 26. c5 Nxe2+ 27. Rxe2
Red5 28. Nb1 Rd1+ 29. Re1 Rxe1+ 30. Rxe1 Rd3 31. Rc1 e3 32. Kf1 Rb3 33. Nc3 Rb2
34. Ne2 Rd2 35. f3 Bc4 36. Re1 Kc6 37. a4 a5 0-1

[Event "44th Chess Olympiad Open 2022"]
[Site "Chennai"]
[Date "2022.07.29"]
[Round "1.53"]
[White "Sousa, Andre Ventura"]
[Black "Croes, Octavio"]
[Result "1-0"]
[WhiteElo "2420"]
[BlackElo "1794"]
[Annotator "TA"]
[PlyCount "101"]
[EventDate "2022.07.29"]
[EventType "team-tourn"]
[EventCountry "IND"]
[SourceTitle "playchess.com"]
[Source "ChessBase"]
[SourceQuality "1"]
[WhiteTeam "Portugal"]
[BlackTeam "ARU"]
[WhiteTeamCountry "POR"]

1. e4 c5 2. Nf3 Nc6 3. Bb5 g6 4. Bxc6 dxc6 5. d3 Bg7 6. O-O Nf6 7. Re1 O-O 8.
a4 Bg4 9. Nbd2 e5 10. h3 Bxf3 11. Nxf3 Qd6 12. a5 Rfd8 13. b3 b6 14. Be3 Ne8
15. Nd2 b5 16. Rf1 Nc7 17. h4 Ne6 18. Nf3 Nd4 19. h5 f5 20. Nxd4 cxd4 21. Bg5
Bf6 22. Bxf6 Qxf6 23. hxg6 hxg6 24. exf5 gxf5 25. Qh5 Kg7 26. f4 e4 27. dxe4
fxe4 28. f5 Rh8 29. Qg4+ Kf7 30. Qxe4 Rae8 31. Qg4 Rh4 32. Qg3 Reh8 33. Qc7+
Kg8 34. Qb8+ Qf8 35. Qxf8+ Kxf8 36. Rae1 R8h6 37. Rf3 Kf7 38. Kf2 a6 39. Re5
Rh1 40. Rc5 Ke7 41. Rf4 Rd6 42. Ke2 Ra1 43. g4 Kf6 44. Rf2 Rxa5 45. g5+ Kf7 46.
Kd3 Ra1 47. g6+ Kf6 48. Rg2 Kg7 49. Re5 Rd7 50. Re6 c5 51. f6+ 1-0

[Event "44th Chess Olympiad Open 2022"]
[Site "Chennai"]
[Date "2022.07.29"]
[Round "1.53"]
[White "Van den Brink, Peter"]
[Black "Ferreira, Jorge Viterbo"]
[Result "0-1"]
[WhiteElo "2167"]
[BlackElo "2499"]
[Annotator "TA"]
[PlyCount "92"]
[EventDate "2022.07.29"]
[EventType "team-tourn"]
[EventCountry "IND"]
[SourceTitle "playchess.com"]
[Source "ChessBase"]
[SourceQuality "1"]
[WhiteTeam "ARU"]
[BlackTeam "Portugal"]
[BlackTeamCountry "POR"]

1. e4 c5 2. c3 d6 3. d4 Nf6 4. Bd3 cxd4 5. cxd4 g6 6. Nc3 Bg7 7. Nge2 O-O 8.
O-O Nc6 9. h3 e5 10. Be3 d5 11. exd5 Nxd5 12. Nxd5 Qxd5 13. Nc3 Qa5 14. d5 Nd4
15. a3 Bd7 16. b4 Qd8 17. Rc1 Rc8 18. Bxd4 exd4 19. Ne2 Qg5 20. Be4 Bxh3 21.
Qd3 Rxc1 22. Rxc1 Bg4 23. f3 Bc8 24. f4 Qf6 25. Rc4 Bg4 26. Bf3 Bxf3 27. Qxf3
Qa6 28. Qb3 Qb5 29. Nxd4 Qxd5 30. Nf3 b5 31. Rc3 Qe4 32. Rc5 Bd4+ 33. Nxd4
Qxd4+ 34. Kh2 Qxf4+ 35. Qg3 Qxg3+ 36. Kxg3 Rd8 37. Rxb5 Rd3+ 38. Kf4 Rxa3 39.
Ke5 Kg7 40. Kd6 h5 41. Kc6 h4 42. Rc5 Ra2 43. Kb7 Rxg2 44. Kxa7 h3 45. Rc3 h2
46. Rh3 Rb2 0-1